Actors who worked with Shane Black - Statistics

General Stats
  • This quiz has been taken 26 times
    8 since last reset
  • The average score is 17 of 48
Answer Stats
Films Answer % Correct
Iron Man 3, Kiss Kiss Bang Bang Robert Downey Jr.
100%
The Nice Guys Russell Crowe
100%
The Nice Guys Ryan Gosling
100%
Iron Man 3 Ben Kingsley
83%
Iron Man 3 Don Cheadle
83%
Iron Man 3 Gwyneth Paltrow
83%
Iron Man 3 Guy Pearce
67%
Iron Man 3 Jon Favreau
67%
Kiss Kiss Bang Bang Val Kilmer
67%
The Nice Guys Margaret Qualley
50%
Play Dirty Mark Wahlberg
50%
The Nice Guys Angourie Rice
33%
The Nice Guys, Edge Beau Knapp
33%
The Predator Boyd Holbrook
33%
The Predator Keegan-Michael Key
33%
Play Dirty Keegan-Michael Key
33%
The Nice Guys Keith David
33%
The Nice Guys Kim Basinger
33%
Play Dirty Lakeith Stanfield
33%
The Nice Guys Lois Smith
33%
The Nice Guys Matt Bomer
33%
Kiss Kiss Bang Bang Michelle Monaghan
33%
Iron Man 3 Paul Bettany
33%
The Predator Sterling K. Brown
33%
The Predator Alfie Allen
17%
Edge Alicja Bachleda-Curus
17%
The Predator Gabriel LaBelle
17%
The Nice Guys Hannibal Buress
17%
The Predator Jacob Tremblay
17%
Iron Man 3 James Badge Dale
17%
Iron Man 3 Jenna Ortega
17%
Edge Max Martini
17%
Iron Man 3 Miguel Ferrer
17%
Play Dirty Nat Wolff
17%
The Predator Olivia Munn
17%
Iron Man 3 Rebecca Hall
17%
Play Dirty Rosa Salazar
17%
Edge Ryan Kwanten
17%
Iron Man 3 Stephanie Szostak
17%
The Predator Thomas Jane
17%
Play Dirty Thomas Jane
17%
Play Dirty Tony Shalhoub
17%
The Predator Trevante Rhodes
17%
The Nice Guys, Iron Man 3 Ty Simpkins
17%
Iron Man 3 William Sadler
17%
The Nice Guys Yaya DaCosta
17%
Edge Yvonne Strahovski
17%
Edge Noah Sagan
0%
No matching quizzes found
Score Distribution
Percent of People with Each Score
Percentile by Number Answered
Your Score History
You have not taken this quiz since the last reset